000
00312nam a22001217a 4500
008
230703b xxu||||| |||| 00| 0 eng d
082
_a
342
_b
CKRC
100
_c
CKRC
245
_a
Working Document For the national Constitutional Conference
260
_a
Kenya
_c
2003
300
_a
various paging
942
_2
ddc
_c
BK
999
_c
3260
_d
3260